Estudio de factibilidad para la creación de una Empresa de servicio de transporte público exclusivo para mujeres en el Municipio de Tupiza "Chicheñas Seguras" (Registro nro. 9693)

000 -CABECERA (24)
Campo de control interno 02764nam a22003014a 4500
003 - IDENTIFICADOR DE CONTROL
Campo control BOLpUSFA
005 - FECHA Y HORA DE CATALOGACION
Campo de control 20260414174212.0
008 - ELEMENTOS DE LONGITUD FIJA - INFORMACIÓN GENERAL
Campo de control de longitud fija t bo grm 001 | spa||
040 ## - Origen de la Catalogacion
Origen de la Catalogacion BOLpUSFA
041 ## - Código de idioma (R)
Código de lengua del texto/banda sonora o título independiente (R) spa
044 ## - Código de país de la publicación
Codigo de pais MARC BO
082 ## - Número de la Clasificación Decimal Dewey
Número de la Clasificación Decimal Dewey ICO0014
Codigo Cutter C957e PG
100 ## - Autor Personal
Autor Personal Cruz Vargas, Brisa Marian
245 ## - Titulo
Titulo Estudio de factibilidad para la creación de una Empresa de servicio de transporte público exclusivo para mujeres en el Municipio de Tupiza "Chicheñas Seguras"
260 ## - Editorial
Ciudad Tupiza:
Nombre de la Editorial Universidad Privada San Francisco de Asís. Carrera de Ingeniería Comercial,
Fecha 2025
300 ## - Descripcion
Extension 265 p.
502 ## - Nota de Tesis
Nota de Tesis Modalidad: Proyecto de Grado - <br/>Tutora: Lic. Zorka Encinas Muninagic
520 ## - Resumen
Resumen En el municipio de Tupiza, las mujeres enfrentan altos niveles de inseguridad <br/>en el transporte público, particularmente en horarios nocturnos, lo que limita su <br/>movilidad y genera desconfianza hacia los servicios tradicionales. <br/> <br/>Frente a esta problemática, el proyecto de factibilidad “Chicheñas Seguras” propone la creación <br/>de una empresa de transporte público seguro, confiable y exclusivo para mujeres, <br/>operado por conductoras capacitadas y certificadas. El estudio se desarrolló bajo <br/>un enfoque descriptivo, aplicando encuestas a una muestra representativa de <br/>mujeres del área urbana de Tupiza, con el objetivo de identificar sus preferencias, <br/>nivel de aceptación y disposición a pagar por el servicio. Asimismo, se realizaron <br/>análisis de factibilidad técnica, comercial, económica, financiera y social, a fin de <br/>determinar la viabilidad integral del proyecto. Los resultados evidenciaron que el <br/>72% de las encuestadas manifestó interés en utilizar un servicio de transporte <br/>seguro para mujeres, valorando especialmente la confianza, la atención <br/>personalizada y la implementación de herramientas tecnológicas de seguridad. <br/><br/>El análisis financiero demostró que la inversión inicial es recuperable en un periodo <br/>razonable, asegurando rentabilidad y sostenibilidad en el mediano plazo. <br/> <br/>En conclusión, “Chicheñas Seguras” constituye un proyecto viable, innovador y <br/>socialmente necesario, que responde a una demanda insatisfecha del mercado <br/>femenino tupiceño, promoviendo la inclusión laboral de mujeres conductoras y <br/>contribuyendo a mejorar la seguridad ciudadana y la calidad del transporte urbano. <br/>
650 ## - Temas - Descriptores
Temas - Descriptores Ingeniería Comercial
650 ## - Temas - Descriptores
Temas - Descriptores Proyecto de Grado
650 ## - Temas - Descriptores
Temas - Descriptores Estudio de factibilidad
650 ## - Temas - Descriptores
Temas - Descriptores Transporte público
650 ## - Temas - Descriptores
Temas - Descriptores Mujeres
650 ## - Temas - Descriptores
Temas - Descriptores Inseguridad social
651 ## - Punto de acceso adicional de materia - Nombre geográfico (R)
Nombre geográfico (NR) Potosí
651 ## - Punto de acceso adicional de materia - Nombre geográfico (R)
Nombre geográfico (NR) Tupiza
942 ## - ELEMENTOS DE KOHA
Esquema de Clasificaci
Tipo de Documento Tesis
Catalogador LLO
Existencias
Retirado (estado) Perdido (estado) Fuente de Clasificacion Deterioro (estado) Prestamo Coleccion Ubicacion permanente Ubicacion actual Fondo Fecha de adquisicion Origen de adquisicion Prestamos Signatura Topografica Codigo de barras Ultima fecha de verificacion Price effective from Tipo de Item
No Dañado Disponible   No Dañado Disponible Tesis Biblioteca USFA Tupiza Biblioteca USFA Tupiza Colección Tesis 04/14/2026 Depósito   ICO0014 C957e PG BTZ00900 04/14/2026 04/14/2026 Tesis

Universidad Privada San Francisco de Asis (USFA)
Sopocachi, av. 20 de octubre esq. Belisario Salinas No.397 (Plaza Abaroa)
Telf.fax (+591-2) 2443773
info@usfa.edu.bo